Fundamentals of corporate Finance / (Record no. 1982)

MARC details
000 -LEADER
fixed length control field 00598nam a22001937a 4500
005 - DATE AND TIME OF LATEST TRANSACTION
control field 20200728143756.0
008 - FIXED-LENGTH DATA ELEMENTS--GENERAL INFORMATION
fixed length control field 200728b ||||| |||| 00| 0 eng d
020 ## - INTERNATIONAL STANDARD BOOK NUMBER
International Standard Book Number 9780070916593
040 ## - CATALOGING SOURCE
Transcribing agency NONE
082 ## - DEWEY DECIMAL CLASSIFICATION NUMBER
Classification number 658.15
Item number ROS
100 ## - MAIN ENTRY--PERSONAL NAME
Personal name Ross A. Stephen
9 (RLIN) 4333
245 ## - TITLE STATEMENT
Title Fundamentals of corporate Finance /
Statement of responsibility, etc. Stephen A. Ross
250 ## - EDITION STATEMENT
Edition statement 5th Canadian edition
260 ## - PUBLICATION, DISTRIBUTION, ETC.
Place of publication, distribution, etc. Toronto
Name of publisher, distributor, etc. McGraw-Hill
Date of publication, distribution, etc. c2005.
300 ## - PHYSICAL DESCRIPTION
Extent xxxii 832p. :
Other physical details ill. col. ;
Dimensions 28cm.
500 ## - GENERAL NOTE
General note Includes Index
700 ## - ADDED ENTRY--PERSONAL NAME
Personal name Randolph W. Westerfield, Bradford D. Jordan and Gordon S. Roberts
9 (RLIN) 4334
942 ## - ADDED ENTRY ELEMENTS (KOHA)
Source of classification or shelving scheme Dewey Decimal Classification
Koha item type Books
Holdings
Withdrawn status Lost status Source of classification or shelving scheme Damaged status Not for loan Home library Current library Shelving location Date acquired Total Checkouts Full call number Barcode Date last seen Price effective from Koha item type
    Dewey Decimal Classification     Main Library Main Library Open Shelves 07/28/2020   658.15 ROS 2020-2647 07/28/2020 07/28/2020 Books

Lira University Library | Lira University P.O Box 1035 Lira, Uganda
Tel : +256471660489 E-mail : library@lirauni.ac.ug